| 000 | 00000nam##2200000za#4500 |
| 001 | 9.644312 |
| 003 | CaOODSP |
| 005 | 20250506145324 |
| 007 | cr ||||||||||| |
| 008 | 150407|1958||||xxc|||||o f|0| 0 fre|d |
| 040 | |aCaOODSP|bfre |
| 043 | |an-cn--- |
| 086 | 1 |aA43-909/1958F-PDF |
| 110 | 1 |aCanada.|bAgriculture Canada. |
| 245 | 10|aRépression de la pyrale sur le maïs sucré / |h[ressource électronique]|cpar H.B. Wressell. |
| 260 | |aOttawa - Ontario : |bAgriculture Canada |c1958. |
| 300 | |a10p.|bill. |
| 500 | |aPublication historique numérisée par Agriculture et Agroalimentaire Canada. |
| 590 | |a15-03-Supp|b2015-03-13 |
| 720 | 1 |aWressell, H. B. |
| 856 | 40|ahttp://publications.gc.ca|qPDF|s760 Ko|uhttps://publications.gc.ca/collections/collection_2015/aac-aafc/A43-909-1958-fra.pdf |